000 00690nam a2200241Ia 4500
003 OSt
005 20220926000819.0
006 a|||||r|||| 00| 0
007 ta
008 220923b |||||||| |||| 00| 0 eng d
020 _a8121002214
037 _cGeneral Book
040 _aRTL
_cRTL
_beng
041 _2eng
_aeng
082 _aY5926:3(T).2.N8, M7
100 _aChalam K S
_937786
245 0 _aEducation and weaker sections.
260 _a New Delhi
_bInter-India Publications
_c1987
300 _a288p. Bib: p 274-283
_ccm.
650 _aScheduled Castes Tribes
942 _hY5926:3(T).2.N8, M7
_cGB
_2CC
999 _c599812
_d599812